LEADER 01242nam a2200229 i 4500 001 000000234473 003 CaOOAMICUS 005 20141015000000.0 008 141015s1937 it u000 u ita u 013 $a213376 040 $aSeMil$bita 100 1 $aPicchini, Luigi.$0(OLS)http://semarc/name/80378 245 10$aVenezia contro la bestemmia e il turpiloquio :$bla Repubblica. Le leghe parrocchiali /$cDott. L. Picchini Presidente delle Leghe Parrocchiali di Venezia contro la bestemmia e il turpiloquio ; [Prefazione di S. E. Rev.mo Mons. Fr. Adeodato G. Piazza O. C. D. Patriarca di Venezia]. 260 $aVenezia :$bLibreria Emiliana,$c1937. 300 $aVII, 253 p., [10] p. di tav. ;$c23 cm. 650 4$aVenezia - Storia.$0(OLS)http://semarc/subject/2116 650 4$aBestemmia.$0(OLS)http://semarc/subject/10331 700 1 $aPiazza, Adeodato Giovanni,$c.$0(OLS)http://semarc/name/1108 850 $aSeMil 852 $aSeMil$W1$xVenegono$y1$m3M IV 81$j184819$B184819$CSeMilBibl$Z2$F195779 $81 996 $6245$aVenezia contro la bestemmia e il turpiloquio :$bla Repubblica. Le leghe parrocchiali$9(OLS)http://semarc/title/334622 996 $6260$aVenezia :$bLibreria Emiliana$9(OLS)http://semarc/publisher/30736 LEADER 00756nam a2200217 i 4500 001 000000075217 003 CaOOAMICUS 005 20251023122744.0 008 110530s1864 it u000 u ita u 013 $a46389 040 $aSeMil$bita 100 1 $aMamiani, Terenzio,$d<1779-1855>.$0(OLS)http://semarc/name/2788 245 10$aPoesie di Terenzio Mamiani. 250 $a2. ed. fiorentina. 260 $aFirenze :$bLe Monnier,$c1864. 300 $aLXX, 412 p. ;$c19 cm. 850 $aSeMil 852 $aSeMil$W1$xVenegono$y1$m1E IV 32 FA$j41369$B41369$CSeMilBibl$Z2$F41373 $8I 996 $6245$aPoesie di Terenzio Mamiani$9(OLS)http://semarc/title/122020 996 $6260$aFirenze :$bLe Monnier$9(OLS)http://semarc/publisher/30060 LEADER 00576nab a2200145 i 4500 001 000000269257 003 CaOOAMICUS 005 20080709000000.0 008 080709n xx uu u0 0und r 013 $a15068 040 $aSeMil$bita 245 13$aLa Bibbia nella vita della comunità. - 16 p. - Titolo principale dalla prima pagina. 500 $a6 luglio 2008. 773 0 $t[2008 : Luglio-Dicembre].$dBologna : Centro Editoriale Dehoniano, 2008.$w()173209 996 $6245$aLa Bibbia nella vita della comunità. - 16 p. - Titolo principale dalla prima pagina.$9(OLS)http://semarc/title/359062